000 00340 a2200133 4500
000 nam a22 7a 4500
100 _aRaj Kamal
110 _aRaj Kamal
245 _aInternet of things: Architecture and design principles
250 _a2nd/Latest edition
260 _bMcGraw Hill
_c2025
264 _bMcGraw Hill
_c2025
942 _cBK
999 _c397220
_d397220